00000000nam 2200000zi 4500
0019.947096
003CaOODSP
00520250121091805
006m     o  d f      
007cr mn|||||||||
008250120s1994    onca    obu  f000 0 fre d
040 |aCaOODSP|bfre|erda|cCaOODSP
043 |an-cn---
0861 |aNR36-1/1994-9F-PDF
24500|aCommentaire sur la partie 9 du Code national du bâtiment du Canada 1990 / |cCommission canadienne des codes du bâtiment et de prévention des incendies.
24617|aCommentaire sur la partie 9
264 1|a[Ottawa] : |bConseil national de recherches Canada, |c[1994]
300 |a1 ressource en ligne (272 pages) : |billustrations
336 |atexte|btxt|2rdacontent/fre
337 |ainformatique|bc|2rdamedia/fre
338 |aressource en ligne|bcr|2rdacarrier/fre
500 |aPublié aussi en anglais sous le titre : Commentary on Part 9 National Building Code of Canada 1990.
504 |aComprend des références bibliographiques.
520 |a« Le présent commentaire vise à aider les utilisateurs du Code national du bâtiment (CNB) à mieux comprendre les exigences de la partie 9, Maisons et petits bâtiments. Une meilleure connaissance de l'objet des exigences et des grands principes sur lesquels elles reposent devrait en faciliter la mise en application » -- Introduction, page 5.
650 6|aConstruction|xDroit|zCanada|vCodes.
650 6|aConstructions|xNormes|zCanada.
650 6|aArchitecture domestique|xNormes|zCanada.
7102 |aCommission canadienne des codes du bâtiment et de prévention des incendies, |eorganisme de publication.
77508|tCommentary on Part 9 National Building Code of Canada 1990 / |w(CaOODSP)9.947093
85640|qPDF|s22.0 Mo|uhttps://publications.gc.ca/collections/collection_2025/cnrc-nrc/NR36-1-1994-9-fra.pdf